000 00212 a2200109 4500
001 51102
040 _cAnchieta - Pituba
240 1 0 _aTalentos 2012
_l
245 1 0 _aTalentos 2012
650 4 _aMúsica
942 _cMX
999 _c51102
_d51102